| 000 | 00882cab a2200337 4500 | ||
|---|---|---|---|
| 001 | ABS55146 | ||
| 008 | 090401t1996 xxu||||| |||| 00| 0 eng d | ||
| 035 | _a(Sirsi) u14511 | ||
| 041 | _aeng | ||
| 245 | _aFocus `96: North and East Yorkshire | ||
| 260 | _c1996 | ||
| 350 | _a0 | ||
| 490 |
_aEstates Gazette _v(9618) 4 May 1996, 75-95(10) |
||
| 650 | _aEAST RIDING OF YORKSHIRE | ||
| 650 | _aECONOMIC DEVELOPMENT | ||
| 650 | _aGRIMSBY | ||
| 650 | _aHARROGATE | ||
| 650 | _aHULL | ||
| 650 | _aHUMBERSIDE | ||
| 650 | _aINDUSTRIAL DEVELOPMENT | ||
| 650 | _aLEISURE DEVELOPMENT | ||
| 650 | _aLINCOLNSHIRE | ||
| 650 | _aLOCAL AUTHORITY ORGANISATION | ||
| 650 | _aRETAIL DEVELOPMENT | ||
| 650 | _aSCUNTHORPE | ||
| 650 | _aYORK | ||
| 650 | _aYORKSHIRE | ||
| 690 | _aPROPERTY-COMMERCIAL PROPERTY-COMMERCIAL PROPERTY MARKET | ||
| 942 | _n0 | ||
| 948 | _c04/03/1997 | ||
| 999 |
_c9462 _d9462 |
||